| 000 | 01454cam a2200349Ma 4500 | ||
|---|---|---|---|
| 999 |
_c5915 _d5915 |
||
| 001 | on1058870675 | ||
| 003 | OCoLC | ||
| 005 | 20200907224915.0 | ||
| 006 | m o d | ||
| 007 | cr mn||||||||| | ||
| 008 | 061017s2004 ne ob i001 0 eng d | ||
| 035 | _a(OCoLC)1058870675 | ||
| 040 |
_aAU@ _beng _cTZ-ArACH |
||
| 043 | _au-at-qn | ||
| 049 | _aTZAA | ||
| 050 |
_aKZ6275 _b.I57 2004 |
||
| 110 | 2 |
_aInternational Court of Justice. _bRegistry. |
|
| 245 | 1 | 4 |
_aInternational Court of Justice / _c[Registry]. |
| 250 | _a5th ed. | ||
| 260 |
_aThe Hague : _bICJ, _c2004. |
||
| 300 |
_a248 p. _bColor Illustrations |
||
| 504 | _aIncludes bibliographical references and index. | ||
| 520 | _aThe International Court of Justice, which sits at The Hague in the Netherlands, acts as a world court. It decides in accordance with international law disputes of a legal nature submitted to it by States, whilst in addition certain international organs and agencies are entitled to call upon it for advisory opinions. It was set up in 1945 under the Charter of the United Nations. | ||
| 610 | 2 | 0 | _aInternational Court of Justice. |
| 610 | 2 | 7 |
_aInternational Court of Justice. _2fast |
| 650 | 0 | _aInternational courts. | |
| 650 | 0 | _aInternational law. | |
| 650 | 7 |
_aInternational courts. _2fast |
|
| 650 | 7 |
_aInternational law. _2fast |
|
| 856 | 4 | 0 |
_zConnect to web resource _uhttp://www.icj-cij.org/homepage/index.php?lang=en |
| 942 |
_2lcc _cBOOK |
||